Úvod do počítačovej podpory výrobných technológií

Salvato in:
Dettagli Bibliografici
Autore principale: Novák-Marcinčin, Jozef (Autore)
Natura: Libro
Lingua:slovacco
Pubblicazione: Košice : Technická univerzita v Košiciach, 2005
Soggetti:
Accesso online:OBSAH
Tags: Aggiungi Tag
Nessun Tag, puoi essere il primo ad aggiungerne!!

MARC

LEADER 00000nam a22000003a 4500
001 stu129214
005 20150617225906.5
008 061103s2005----xo------------------slo-d
020 |a 80-8073-309-0 
040 |a STU  |b slo 
041 0 |a slo 
044 |a xo 
080 |a 004.7 
080 |a 004.451 
080 |a 621 
100 1 |a Novák-Marcinčin, Jozef  |4 aut 
245 1 |a Úvod do počítačovej podpory výrobných technológií 
260 |a Košice :  |b Technická univerzita v Košiciach,  |c 2005 
300 |a 106 s 
650 7 |a počítačová podpora  |2 stusub 
650 7 |a operačné systémy  |2 stusub 
650 7 |a výrobné technológie  |2 stusub 
856 4 |a https://sweb.mtf.stuba.sk/obsahy/uvod_do_pocitacovej_podpory_vyrobnych_technologii_05.pdf  |u https://sweb.mtf.stuba.sk/obsahy/uvod_do_pocitacovej_podpory_vyrobnych_technologii_05.pdf  |3 OBSAH 
996 |b 284M074609  |c M*S-1252-1  |l MMST  |s A  |a 24  |w stu129214_0001 
996 |b 284M074610  |c M*S-1252-2  |l MMKN  |s A  |a 24  |w stu129214_0002 
996 |b 284M074611  |c M*S-1252-3  |l MMST  |s A  |a 24  |w stu129214_0003 
996 |b 284M074612  |c M*S-1252-4  |l MMST  |s A  |a 24  |w stu129214_0004 
996 |b 284M074613  |c M*S-1252-5  |l MMKN  |s A  |a 24  |w stu129214_0005